ბათუმის შოთა რუსთაველის სახელმწიფო უნივერსიტეტის ბიბლიოთეკა

საქართველოს საბანკო სისტემის ფინანსური მდგრადობის მნიშვნელობა ეკონომიკის სტაბილიზაციის მიღწევაში / (ბიბ.ჩანაწერი № 63518)

000 -ლიდერი
ფიქსირებული სიგრძის საკონტროლო ველი 01161nam a22002057a 4500
003 - საკონტროლო ნომრის იდენტიფიკატორი
საკონტროლო ველი Ge_BSU
005 - ბოლო ოპერაციის თარიღი და დრო
საკონტროლო ველი 20251023210832.0
008 - ფიქსირებული სიგრძის მონაცემთა ელემენტები - ზოგადი ინფორმაცია
ფიქსირებული სიგრძის საკონტროლო ველი 251022s2005 ge ||||| |||| 00| 0 geo d
020 ## - წიგნის საერთაშორისო სტანდარტული ნომერი
International Standard Book Number 9994025317
041 ## - ენის კოდი
Language code of text/sound track or separate title geo
080 ## - უნივერსალური ათობითი კლასიფიკაციის ინდექსი
Universal Decimal Classification number 336.717(479.22) ვ-25
100 ## - მთავარი ჩანაწერი - პიროვნების სახელი
Personal name ვაშაყმაძე, ირინა
9 (RLIN) 26098
245 ## - ცნობა სათაურის შესახებ
Title საქართველოს საბანკო სისტემის ფინანსური მდგრადობის მნიშვნელობა ეკონომიკის სტაბილიზაციის მიღწევაში /
Statement of responsibility, etc ირინა ვაშაყმაძე; რედ. გ. გამსახურდია.
264 ## - წარმოების, გამოცემის, დისტრიბუციის და სხვა ცნობები
გამოცემის, წარმოების, დისტრიბუციის... ადგილი ბათუმი :
გამოცემის, წარმოების, დისტრიბუციის... სახელწოდება ბათუმის უნივერსიტეტი,
გამოცემის, წარმოების, დისტრიბუციის... თარიღი 2005.
300 ## - ფიზიკური აღწერა
Extent 180 გვ.;
Other physical details 22 სმ.
653 ## - INDEX TERM--UNCONTROLLED
Uncontrolled term საბანკო ოპერაციები
653 ## - INDEX TERM--UNCONTROLLED
Uncontrolled term ფული და ფულის მიმოქცევა საქართველოში
700 ## - ADDED ENTRY--PERSONAL NAME
Personal name გამსახურდია, გ.
Relator term რედაქტორი
9 (RLIN) 15683
942 ## - ADDED ENTRY ELEMENTS (KOHA)
Source of classification or shelving scheme
Koha item type წიგნი
ეგზემპლარები
ჩამოწერის სტატუსი დაკარგული ეგზემპლარის სტატუსი კლასიფიკაციის წყარო ან თაროზე გაწყობის სქემა დაზიანების სტატუსი არ გაიცემა მუდმივი მდებარეობა (დაცვის ადგილი) ამჟამინდელი ადგილსამყოფელი თაროზე განთავსების ადგილი შეძენის თარიღი ღირებულება, შესყიდვის ნორმალური ფასი სრული შენახვის შიფრი შტრიხკოდი ბოლო ოპერაციის თარიღი ეგზემპლარის მიმდევრობითი ნომერი (კეტერი?) ფასის ძალაში შესვლის თარიღი ეგზემპლარის სახეობა საჯარო შენიშვნა
          ბათუმის შოთა რუსთაველის სახელმწიფო უნივერსიტეტის მთავარი ბიბლიოთეკა ბათუმის შოთა რუსთაველის სახელმწიფო უნივერსიტეტის მთავარი ბიბლიოთეკა წიგნსაცავი 2025-10-22 10.00 336.717(479.22) ვ-25 72780 2025-10-22 72780 2025-10-22 წიგნი 10 ლ.
          ბათუმის შოთა რუსთაველის სახელმწიფო უნივერსიტეტის მთავარი ბიბლიოთეკა ბათუმის შოთა რუსთაველის სახელმწიფო უნივერსიტეტის მთავარი ბიბლიოთეკა წიგნსაცავი 2026-03-17 10.00 336.717(479.22) ვ-25 73980 2026-03-17 73980 2026-03-17 წიგნი 10.00